Middle Managers as Agents of Collaboration

Salvato in:
Dettagli Bibliografici
Autore principale: Williams, Paul
Natura: Libro
Lingua:inglese
Pubblicazione: Bristol Policy Press 2019
Edizione:1st Edition
Soggetti:
Tags: Aggiungi Tag
Nessun Tag, puoi essere il primo ad aggiungerne!!

MARC

LEADER 00000nam a2200000 4500
001 0258089
005 20240221113004.2
020 |a 978-1-4473-4300-4 
020 |a 978-1-4473-4302-8 
041 0 |a eng 
044 |a GB 
245 1 0 |a Middle Managers as Agents of Collaboration  |c Paul Williams 
250 |a 1st Edition 
264 1 |a Bristol  |b Policy Press  |c 2019 
300 |a 237 s. 
610 2 0 |a manažéri 
610 2 0 |a pracovníci riadiaci 
610 2 0 |a zručnosti 
610 2 0 |a vzťahy medzipodnikové 
610 2 0 |a vzťahy obchodné 
610 2 0 |a vzťahy pracovné 
610 2 0 |a riadenie 
100 1 |a Williams, Paul